000 00338nam a22001457a 4500
020 _a0851572774
082 _a026 ASH
100 _aASHWORTH, Wilfred
245 _aSpecial Librarianship
260 _aLondon
_bClive Bingley
_c1979
300 _a120p.
_b22cm
500 _aInclude: Index
650 _aSpecial Librarianship
942 _cBK
999 _c19069
_d19069